000 00555nam a2200169Ia 4500
003 GCL
008 140319s9999 xx 000 0 ara d
040 _aGCL /
_cGCL
082 0 4 _a962.4
_bه ع
100 1 _aعبدالعظيم محمد احمد عكاشة
245 1 0 _aعلى تخوم العالم الاسلامى حقبة من تاريخ السودان /
_cعبدالعظيم محمد احمد عكاشة
700 1 _aهيل , ريتشارد
490 _a100 قصة
_v0
650 0 4 _aالسودان
650 0 4 _aالتاريخ
942 _2ddc
_cBK
999 _c43510
_d43510